Calypso

Պահպանված է:
Մատենագիտական մանրամասներ
Հիմնական հեղինակ: Lobo Wiehoff, Tatiana
Ձևաչափ: Գիրք
Լեզու:Undetermined
Հրապարակվել է: San José, Costa Rica Ediciones FARBEN 1996
Խորագրեր:
Ցուցիչներ: Ավելացրեք ցուցիչ
Չկան պիտակներ, Եղեք առաջինը, ով նշում է այս գրառումը!

MARC

LEADER 00000nam a2200000Ia 4500
008 170316s9999 xx 000 0 und d
040 |a cru BVZT 
090 |a 868 L-8c 
100 |a Lobo Wiehoff, Tatiana 
245 |a Calypso 
260 |a San José, Costa Rica 
260 |b Ediciones FARBEN 
260 |c 1996 
300 |a 268 páginas 
650 |a LITERATURA COSTARRICENSE 
650 |a NOVELA 
942 |c SALA 
999 |c 11273  |d 11273